1096 1820 1800 1309 1242 1876 1244 1562 1048 1858 1415 1645 1295 1783 1893 1314 1049 1304 1549 1465 1543 1898 1709 1269 1883 1333 1831 1129 1243 1613 1305 1125 1060 1203 1042 1401 1009 1372 1760 1477 1768 1940 1788 1724 1981 1167 1264 1640 1723 1936 1512 1350 1637 1241 1363 1039 1528 1730 1047 1346 1792 1313 1808 1382 1797 1296 1655 1831 1369 1689 1789 1865 1706 1632 1048 1782 1493 1897 1047 1831 1596 1152 1774 1543 1053 1876 1960 1160 1334 1419 1771 1223 1295 1564 1398 1186 1523 1245 1321 BCNSPRNW ULIB Ver.6.0+V

เปลี่ยนเป็นภาษาไทย

Change to English
 แสดงรายละเอียดบรรณานุกรม
  กลับหน้าหลัก

Brief Record : Get Marc (ISO 2709) : E-mail record : QR code < ปิดหน้าต่าง
LEADER : 00000nam 2200000uu 4500
001    13399123215
003     ULIB
008    020711s2551 th a 000 0 tha d
020    9789744263377
090    นว.^bภ682ข ล.1
100    ภูระริน จุปะมะตัง
245    ขอให้ฉันอยู่กับเธอตลอดไป เล่ม1/^cภูระริน จุปะมะตัง
250    พิมพ์ครั้งที่ 1
260    กรุงเทพฯ :^bเลมอน กรีน,^c2551
300    330 หน้า;^b21 ซม.
500     มี 2 เล่ม
710    เลมอน กรีน
945    ^p199^l0^i20351
999    ^aทศพร เกษรทอง
รายการนี้ยังไม่มีแท็ก
คุณยังไม่ได้ล็อกอิน คุณสามารถมีกิจกรรมร่วมกับเว็บไซต์ได้ แต่ต้องล็อกอินก่อน ::
  ล็อกอิน

รายการสื่อสารสนเทศ

ลำดับที่ ประเภท เลขเรียก/บาร์โค้ด สถานที่ สถานะ
1. นวนิยาย
นวนิยาย
นว. ภ682ข ล.1 ฉ.1 
  Barcode: 20351
ห้องสมุดวิทยาเขตนครสวรรค์
►นวนิยาย:l:Fiction
บนชั้น
Note: มี 2 เล่ม

รายการใกล้เคียง
    ผู้แต่ง [ภูระริน จุปะมะตัง]

BibComment


ยังไม่เคยถูกคอมเมนท์

คอมเมนท์ทรัพยากรรายการนี้
  คอมเมนท์: ขอให้ฉันอยู่กับเธ..


 Copyright 2026. Bcnsprnw @Library